000 00434nam a2200181Ia 4500
003 GCL
008 140319s9999 xx 000 0 eng d
040 _aGCL /
_cGCL
082 0 4 _a170
_bB M
100 1 _aBRIDOUX, ANDRE
245 1 0 _aMORALE /
_cBRIDOUX, ANDRE
260 _a[S.N] :
_bLIBRAIRIE HACHETTE ،
_c1945
300 _a263 P
650 0 4 _aPHILOSOPHY
650 0 4 _aETHICS
650 0 4 _aMORAL PHILOSOPHY
942 _2ddc
_cBK
999 _c12276
_d12276